000
00259nam a2200097Ia 4500
008
120527s9999 xx 000 0 und d
100
_a
UNIDO
245
_a
Agricultural machinery and rural equipment in Africa.A new approach to
260
_b
DFID
942
_c
BK
999
_c
25138
_d
25138